Physical activity towards health & fitness 4 (PATH-FIT 4) : menu of sports / Dr. Michelle D. Punzalan, Dr. Antonio Jardin Habana, Jr., Mercy D. Pineda, MPE. (Record no. 21365)

000 -LEADER
fixed length control field 00721nam a22002057a 4500
020 ## - INTERNATIONAL STANDARD BOOK NUMBER
ISBN 9789719655855
082 ## - DEWEY DECIMAL CLASSIFICATION NUMBER
Classification number 796.07
Item number P9847 2024
100 ## - MAIN ENTRY--AUTHOR NAME
Personal name Punzalan, Michelle D., author.
245 ## - TITLE STATEMENT
Title Physical activity towards health & fitness 4 (PATH-FIT 4) : menu of sports / Dr. Michelle D. Punzalan, Dr. Antonio Jardin Habana, Jr., Mercy D. Pineda, MPE.
260 ## - PUBLICATION, DISTRIBUTION, ETC. (IMPRINT)
Place of publication Manila :
Name of publisher Mindshapers Co., Inc.,
Year of publication ©2024.
300 ## - PHYSICAL DESCRIPTION
Number of Pages vi, 145 pages :
Other physical details illustrations ; 23 cm
500 ## - GENERAL NOTE
General note Includes bibliographical references.
650 ## - SUBJECT ADDED ENTRY--TOPICAL TERM
Topical Term Physical education.
650 ## - SUBJECT ADDED ENTRY--TOPICAL TERM
Topical Term Badminton.
650 ## - SUBJECT ADDED ENTRY--TOPICAL TERM
Topical Term Volleyball.
650 ## - SUBJECT ADDED ENTRY--TOPICAL TERM
Topical Term Basketball.
700 ## - ADDED ENTRY--PERSONAL NAME
Personal name Habana, Antonio Jardin, Jr.
700 ## - ADDED ENTRY--PERSONAL NAME
Personal name Pineda, Mercy D.
942 ## - ADDED ENTRY ELEMENTS (KOHA)
Koha item type Books
Holdings
Source of acquisition Permanent Location Date acquired Koha item type Collection code Accession Number Lost status Shelving location Withdrawn status Current Location Full call number
SchoolCagayan State University - Carig Library2025-09-11BooksArts & Recreation011216 General Collection Cagayan State University - Carig Library796.07 P9847 2024
SchoolCagayan State University - Carig Library2025-09-11BooksArts & Recreation011217 General Collection Cagayan State University - Carig Library796.07 P9847 2024
SchoolCagayan State University - Carig Library2025-09-11BooksArts & Recreation011218 General Collection Cagayan State University - Carig Library796.07 P9847 2024

Cagayan State University University Library, Carig Campus
Tuguegarao City, Cagayan 3500 | www.csucarig.edu.ph

Powered by Koha